| 000 | 00919nam a2200265Ia 4500 | ||
|---|---|---|---|
| 008 | 0000001996 fr ad 0000000000fre00 | ||
| 020 | _a2711833224 | ||
| 090 | _aPRU00 C31f | ||
| 100 | 1 |
_aChagall, Marc _d1887 |
|
| 245 | 1 | 0 |
_aLes fables de la Fontaine _c/ Marc Chagall |
| 250 | _a2a ed. | ||
| 300 |
_a144 p. _c/ 24 cm. |
||
| 500 | _aDonación sr León Caridi (20080115) \ Exposición realizada en el Musée d'Art Moderne, Céret (Francia), Octubre 28, 1995 Enero 8, 1996 | ||
| 600 | 0 | 0 |
_aCHAGALL, MARC, 18871985/ _xTRABAJOS PICTORICOS |
| 650 | 1 | 4 | _aARTE CONTEMPORANEO RUSO |
| 650 | 1 | 4 | _aARTE Y LITERATURA |
| 650 | 1 | 4 | _aARTISTAS PLASTICOS RUSOS |
| 650 | 1 | 4 | _xCATALOGOS |
| 650 | 1 | 4 | _xEXPOSICIONES |
| 650 | 1 | 4 | _aFABULAS FRANCESAS |
| 650 | 1 | 4 | _aPINTORES RUSOS |
| 650 | 1 | 4 | _aPINTURA RUSA |
| 700 | 1 | _aLa Fontaine, Jean de, 16211695 | |
| 999 |
_c8716 _d8716 |
||
| 260 |
_aParis : Reunion des Musees Nationaux _c1996 |
||